Austria

Od nepamäti ľudia používali jazyk na komunikáciu, čím podporovali rozvoj komunít a kultúr. Vojna bola tiež súčasťou ľudskej histórie, keďže sa ľudia museli brániť pred nepriateľmi a chrániť svoje územie a zdroje.

Salvato in:
Dettagli Bibliografici
Autore principale: Seresová, Katarína, 1967-
Natura: Capitolo di libro
Lingua:inglese
Soggetti:
Tags: Aggiungi Tag
Nessun Tag, puoi essere il primo ad aggiungerne!!

MARC

LEADER 00000naa$a2200000$$$4500
001 0305282
005 20251002093249.2
041 0 |a eng 
044 |a GB 
245 1 0 |a Austria  |c Katarína Seresová 
520 |a Od nepamäti ľudia používali jazyk na komunikáciu, čím podporovali rozvoj komunít a kultúr. Vojna bola tiež súčasťou ľudskej histórie, keďže sa ľudia museli brániť pred nepriateľmi a chrániť svoje územie a zdroje. 
610 2 0 |a Rakúsko 
610 2 0 |a vojny 
610 2 0 |a konflikty 
610 2 0 |a konflikty medzinárodné 
610 2 0 |a Ukrajina 
610 2 0 |a jazyk diplomatický 
610 2 0 |a propaganda 
100 1 |a Seresová, Katarína, 1967-